Technológia sústružníckeho frézovania : Diplomová práca

Gespeichert in:
Bibliographische Detailangaben
1. Verfasser: Adaška, Juraj (Verfasst von)
Weitere Verfasser: Šandora, Jozef (xxx)
Format: Manuskript Buch
Sprache:Slowakisch
Veröffentlicht: Trnava : STU v Bratislave MtF KOM, 1997
Schlagworte:
Tags: Tag hinzufügen
Keine Tags, Fügen Sie das erste Tag hinzu!

MARC

LEADER 00000ntm a22000003a 4500
001 stu72914
005 20160719155111.7
008 011206s1997----xo------------------slo-d
040 |a STU  |b slo 
041 0 |a slo 
044 |a xo 
100 1 |a Adaška, Juraj  |4 aut 
245 1 |a Technológia sústružníckeho frézovania :  |b Diplomová práca 
260 |a Trnava :  |b STU v Bratislave MtF KOM,  |c 1997 
300 |a 68 s  |c príl 
650 7 |a Frézovanie sústružnícke  |2 stusub 
650 7 |a Strojárska technológia-obrábanie  |2 stusub 
700 1 |a Šandora, Jozef  |4 xxx 
996 |b 284M033671  |c M*DP-1819  |l MMSKP  |s P  |a 0  |w stu72914_0001